| 000 | 00624cam a22002051a 4500 | ||
|---|---|---|---|
| 001 | ne 63001356 | ||
| 003 | DLC | ||
| 005 | 20260227111747.0 | ||
| 008 | 910617s1960 ua 000 0 ara c | ||
| 010 | _ane 63001356 | ||
| 035 | _a(OCoLC)23943463 | ||
| 040 |
_aPrinceton Univ. Libr. _cMWalB _dMWalB _dDLC |
||
| 050 | 0 | 0 |
_aPA2087 _b.K49 1960 |
| 100 | 1 | _aKhafājah, Muḥammad Ṣaqr. | |
| 245 | 1 | 0 |
_aMuqaddimah fī al-lughah al-Lātīnīyah / _cMuhạmmad Ṣaqr Khafājah. |
| 260 | _c[1960] | ||
| 300 |
_a216 p. ; _c20 cm. |
||
| 650 | 0 |
_aLatin language _xGrammar, Comparative. |
|
| 700 | 1 | _aÀlī, Àbd al-Laṭīf Aḥmad. | |
| 999 |
_c46058 _d46058 |
||